00411nam a2200121Ia 4500008004100000041000800041082001200049100001900061245009500080260005900175300001900234520003600253240719s9999 xx 000 0 und d aeng a303 DEY aDey Kumar Ajoy aThe New Normal Reinventing Professional Life And Familial Bonding In The Post Covid19 Era  aNew DelhibBloomsbury Publishing India Pvt. Ltd c2021 a344.; P. 24 Cm aGifted By : By Director Office